Jリーグチーム全60チーム - Statistics

General Stats
  • This quiz has been taken 278 times
  • The average score is 37 of 60
Answer Stats
Answer % Correct
鹿島アントラーズ
89%
浦和レッズ
87%
ガンバ大阪
87%
川崎フロンターレ
84%
FC東京
84%
横浜F・マリノス
82%
セレッソ大阪
81%
柏レイソル
80%
名古屋グランパス
80%
ジュビロ磐田
79%
サンフレッチェ広島
79%
ベガルタ仙台
79%
サガン鳥栖
78%
清水エスパルス
78%
東京ヴェルディ
76%
ヴィッセル神戸
76%
湘南ベルマーレ
75%
アビスパ福岡
75%
大宮アルディージャ
75%
アルビレックス新潟
74%
横浜FC
74%
北海道コンサドーレ札幌
73%
京都サンガF.C.
70%
松本山雅FC
69%
水戸ホーリーホック
66%
モンテディオ山形
65%
ジェフユナイテッド千葉
65%
大分トリニータ
65%
ヴァンフォーレ甲府
60%
FC町田ゼルビア
60%
ファジアーノ岡山
59%
カマタマーレ讃岐
59%
V・ファーレン長崎
59%
徳島ヴォルティス
56%
ロアッソ熊本
56%
ギラヴァンツ北九州
55%
いわきFC
55%
カターレ富山
54%
FC琉球
54%
愛媛FC
52%
栃木SC
52%
ツエーゲン金沢
51%
ガイナーレ鳥取
50%
レノファ山口FC
50%
ブラウブリッツ秋田
49%
鹿児島ユナイテッドFC
48%
FC岐阜
48%
FC大阪
48%
ザスパ群馬
46%
福島ユナイテッドFC
44%
FC今治
44%
奈良クラブ
42%
ヴァンラーレ八戸
41%
SC相模原
41%
テゲバジャーロ宮崎
40%
藤枝MYFC
40%
Y.S.C.C.横浜
40%
いわてグルージャ盛岡
38%
アスルクラロ沼津
38%
AC長野パルセイロ
38%
No matching quizzes found
Score Distribution
Percent of People with Each Score
Percentile by Number Answered
Your Score History
You have not taken this quiz